[Event "Chess Siberia A"]
[Site "Novosibirsk"]
[Date "2017.06.27"]
[Round "6"]
[White "Vasilenok, Anton"]
[Black "Popov, Roman"]
[Result "1-0"]
[WhiteElo "2283"]
[BlackElo "2345"]
[PlyCount "139"]
[EventDate "2017.06.24"]
[EventType "tourn"]
[EventRounds "9"]
[EventCountry "RUS"]
[EventCategory "1"]
[SourceTitle "EXT 2018"]
[Source "ChessBase"]
[SourceDate "2017.10.13"]
[SourceVersion "1"]
[SourceVersionDate "2017.10.13"]
[SourceQuality "1"]

1. e4 e6 2. d4 d5 3. e5 c5 4. c3 Nc6 5. Nf3 Bd7 6. Be2 Nge7 7. 0-0 Ng6 8. g3 Be7 9. Be3 cxd4 10. cxd4 0-0 11. Nc3 f6 12. exf6 Bxf6 13. Re1 Nge7 14. Bf1 Nf5 15. Bh3 Nxe3 16. Rxe3 Re8 17. Qd2 Bg5 18. Nxg5 Qxg5 19. Nb5 Re7 20. Rd1 Rf8 21. f4 Qh6 22. Bg2 g5 23. fxg5 Qxg5 24. Rf3 Qxd2 25. Rxf8+ Kxf8 26. Rxd2 Be8 27. Nc3 Bg6 28. Ne2 Rc7 29. Nf4 Nd8 30. Re2 Rc4 31. Rd2 Ke7 32. Kf2 Kd6 33. g4 Nc6 34. Ke3 Nb4 35. Nxg6 hxg6 36. b3 Nc2+ 37. Kf2 Rc3 38. h4 Ne3 39. Bf3 e5 40. dxe5+ Kxe5 41. h5 g5 42. Be2 d4 43. Bf3 b6 44. Be2 Rc6 45. Kg3 Rf6 46. Rd3 Rf4 47. b4 Ke4 48. Ra3 Rf7 49. Bd3+ Ke5 50. h6 Nf1+ 51. Kg2 Ne3+ 52. Kg3 Rf4 53. Be2 Nf1+ 54. Kg2 Ne3+ 55. Kg3 Rf6 56. h7 Rh6 57. Rxa7 Nd5 58. Bd3 Nf4 59. Bf5 Nh5+ 60. Kf3 Nf6 61. Ra8 Nxh7 62. Rh8 Rh3+ 63. Kg2 Ra3 64. Rxh7 Rxa2+ 65. Kf3 Ra3+ 66. Ke2 Rb3 67. Re7+ Kd6 68. Re6+ Kc7 69. Rg6 Rxb4 70. Kd3 1-0

[Event "Chess Siberia A"]
[Site "Novosibirsk"]
[Date "2017.06.25"]
[Round "2"]
[White "Suleymenov, Alisher"]
[Black "Vasilenok, Anton"]
[Result "1-0"]
[WhiteElo "2293"]
[BlackElo "2283"]
[PlyCount "81"]
[EventDate "2017.06.24"]
[EventType "tourn"]
[EventRounds "9"]
[EventCountry "RUS"]
[EventCategory "1"]
[SourceTitle "EXT 2018"]
[Source "ChessBase"]
[SourceDate "2017.10.13"]
[SourceVersion "1"]
[SourceVersionDate "2017.10.13"]
[SourceQuality "1"]

1. Nf3 Nf6 2. c4 g6 3. d4 Bg7 4. e3 0-0 5. Be2 d6 6. 0-0 c5 7. Nc3 cxd4 8. exd4 Bg4 9. h3 Bxf3 10. Bxf3 Nc6 11. Be3 Nd7 12. Qd2 Rc8 13. b3 a6 14. Rad1 Qa5 15. Rfe1 Rfe8 16. a4 Nc5 17. Qc2 Ne6 18. Ne2 Nexd4 19. Nxd4 Nxd4 20. Bxd4 Bxd4 21. Bxb7 Rc7 22. Bxa6 Bxf2+ 23. Qxf2 Qxa6 24. Rd5 e5 25. Rb5 Rd7 26. Rd1 Qc6 27. Rb6 Qc7 28. a5 e4 29. Qe3 Qd8 30. a6 d5 31. cxd5 Rxd5 32. Rxd5 Qxd5 33. a7 Qe5 34. Ra6 Qd5 35. b4 Kg7 36. b5 f5 37. Qc3+ Kh6 38. Qe3+ Kg7 39. Rc6 Kg8 40. Rc7 f4 41. Qc3 1-0

[Event "Novokuznetsk SFO-ch U15"]
[Site "Novokuznetsk"]
[Date "2014.11.09"]
[Round "8"]
[White "Klimenko, Maksim"]
[Black "Vasilenok, Anton"]
[Result "1/2-1/2"]
[WhiteElo "1962"]
[BlackElo "1861"]
[PlyCount "92"]
[EventDate "2014.11.02"]
[EventType "swiss"]
[EventRounds "9"]
[EventCountry "RUS"]
[SourceTitle "CBM 163 Extra"]
[Source "ChessBase"]
[SourceDate "2014.12.23"]
[SourceVersion "1"]
[SourceVersionDate "2014.12.23"]
[SourceQuality "1"]

1. d4 Nf6 2. c4 c5 3. d5 b5 4. cxb5 a6 5. bxa6 g6 6. Nc3 Bxa6 7. g3 Bg7 8. Bg2 d6 9. Nf3 0-0 10. 0-0 Nbd7 11. Rb1 Qc7 12. Re1 Rfb8 13. h3 Nb6 14. b3 Nfd7 15. Bb2 Ne5 16. Nxe5 Bxe5 17. Qc2 Nd7 18. Rec1 Rc8 19. Nd1 Qa5 20. Bc3 Bxc3 21. Nxc3 Rab8 22. Qe4 Qd8 23. a3 Nf6 24. Qe3 Rc7 25. Rc2 Rcb7 26. Rcb2 Qa5 27. b4 cxb4 28. axb4 Rxb4 29. Rxb4 Rxb4 30. Qxe7 Rxb1+ 31. Nxb1 Nxd5 32. Qxd6 Qe1+ 33. Kh2 Bxe2 34. Bxd5 Qxb1 35. Qf6 Qf5 36. Bxf7+ Kf8 37. Qxf5 gxf5 38. Be6 Bd3 39. Kg2 Ke7 40. Bc8 Kf6 41. Kf3 Ke5 42. Bd7 Bf1 43. g4 Bxh3 44. Bxf5 h5 45. Kg3 hxg4 46. Bxg4 Bf1 1/2-1/2